The Jewel that Was Ours

Podrobná bibliografie
Hlavní autor: Dexter C. Colin
Další autoři: Collins A. Anne (составитель)
Shrnutí:For Oxford, the arrival of 27 American tourists is nothing out of the ordinary, until one of their number is found dead. Only Chief Inspector Morse appears not to overlook the simultaneous theft of a jewel-encrusted antique from the victim`s handbag. Then, 2 days later, a naked and battered corpse is dragged from the River Cherwell. A coincidence?
Jazyk:angličtina
Vydáno: Oxford, Macmillan Moderns, 2002
Edice:Macmillan Guided Readers
Intermediate Level
Reader Marathon 20
Témata:
Médium: Kniha
KOHA link:https://koha.lib.tpu.ru/cgi-bin/koha/opac-detail.pl?biblionumber=214223

MARC

LEADER 00000nam0a2200000 4500
001 214223
005 20231101225854.0
010 |a 0333934490 
035 |a (RuTPU)RU\TPU\book\234084 
090 |a 214223 
100 |a 20120420d2002 m y0rusy50 ba 
101 0 |a eng 
102 |a GB 
105 |a a z 001ay 
200 1 |a The Jewel that Was Ours  |f C. Dexter  |g retold by A. Collins 
210 |a Oxford  |c Macmillan Moderns  |d 2002 
215 |a 111 p.  |c il. 
225 1 |a Macmillan Guided Readers 
225 1 |a Intermediate Level 
225 1 |a Reader Marathon  |v 20 
320 |a Glossary: p. 105-111. 
330 |a For Oxford, the arrival of 27 American tourists is nothing out of the ordinary, until one of their number is found dead. Only Chief Inspector Morse appears not to overlook the simultaneous theft of a jewel-encrusted antique from the victim`s handbag. Then, 2 days later, a naked and battered corpse is dragged from the River Cherwell. A coincidence? 
606 1 |a Английский язык  |x Учебные руководства и пособия  |x Хрестоматии, книги для чтения  |2 stltpush  |3 (RuTPU)RU\TPU\subj\29075  |9 52487 
610 1 |a американская литература 
610 1 |a детективы 
610 1 |a расследования 
610 1 |a триллеры 
610 1 |a романы 
686 |a Ш143.21-923.8  |v LBC/SL-A  |2 rubbk 
700 1 |a Dexter  |b C.  |g Colin 
702 1 |a Collins  |b A.  |g Anne  |4 220 
801 1 |a RU  |b 63413507  |c 20120420 
801 2 |a RU  |b 63413507  |c 20130131  |g RCR 
942 |c BK